Madam Crowl's ghost, (Record no. 174652)

000 -LEADER
fixed length control field 01264cam a2200253 4500
001 - CONTROL NUMBER
control field 1717842
003 - CONTROL NUMBER IDENTIFIER
control field Nust
005 - DATE AND TIME OF LATEST TRANSACTION
control field 20170206114140.0
008 - FIXED-LENGTH DATA ELEMENTS--GENERAL INFORMATION
fixed length control field 711012r1971 nyu 000 1 eng
010 ## - LIBRARY OF CONGRESS CONTROL NUMBER
LC control number 72167459
020 ## - INTERNATIONAL STANDARD BOOK NUMBER
International Standard Book Number 9781853262180
040 ## - CATALOGING SOURCE
Original cataloging agency DLC
Transcribing agency DLC
Modifying agency DLC
050 00 - LIBRARY OF CONGRESS CALL NUMBER
Classification number PZ3.L518
Item number Ma8
Classification number PR4879.L7
082 00 - DEWEY DECIMAL CLASSIFICATION NUMBER
Classification number 823.8
Author Mark FAN
100 1# - MAIN ENTRY--PERSONAL NAME
Personal name Le Fanu, Joseph Sheridan,
Dates associated with a name 1814-1873.
245 10 - TITLE STATEMENT
Title Madam Crowl's ghost,
Remainder of title and other tales of mystery.
Statement of responsibility, etc. Collected and edited by M. R. James.
260 ## - PUBLICATION, DISTRIBUTION, ETC.
Place of publication, distribution, etc. Freeport, N.Y.,
Name of publisher, distributor, etc. Books for Libraries Press
Date of publication, distribution, etc. 1996
300 ## - PHYSICAL DESCRIPTION
Extent viii, 178 p.
Dimensions 21 cm.
490 0# - SERIES STATEMENT
Series statement Short story index reprint series
505 0# - FORMATTED CONTENTS NOTE
Formatted contents note Madam Crowl's ghost.--Squire Toby's will.--Dickon the devil.--The child that went with the fairies.--The white cat of Drumgunniol.--Some strange disturbances in an old house in Aungier Street.--Ghost stories of Chapelizod.--Wicked Captain Walshawe, of Wauling.--Sir Dominick's bargain: a legend of Dunoran.--Ultor de Lacy.--The vision of Tom Chuff.--Stories of Lough Guir.--Epilogue, biographical and critical, by the editor.
650 #0 - SUBJECT ADDED ENTRY--TOPICAL TERM
Topical term or geographic name entry element Ghost stories, English.
651 #0 - SUBJECT ADDED ENTRY--GEOGRAPHIC NAME
Geographic name Ireland
General subdivision Fiction.
906 ## - LOCAL DATA ELEMENT F, LDF (RLIN)
a 7
b cbc
c orignew
d 2
e ncip
f 19
g y-gencatlg
942 ## - ADDED ENTRY ELEMENTS (KOHA)
Source of classification or shelving scheme
Koha item type Book
Holdings
Withdrawn status Lost status Source of classification or shelving scheme Damaged status Not for loan Permanent Location Current Location Shelving location Date acquired Full call number Barcode Date last seen Copy number Price effective from Koha item type
          Central Library (CL) Central Library (CL) Fiction 02/06/2017 823 FAN CL1072 01/10/2023 1 02/06/2017 Book
© 2023 Central Library, National University of Sciences and Technology. All Rights Reserved.